LEADER 01835nam a2200373 a 4500 001 000000129686 003 CaOOAMICUS 005 20120717113558.0 008 120717s2012 it a u000 u ita r 020 $a978-88-217-3894-4 040 $aPUL$bita 082 04$a344.4504 100 1 $aGuariniello, Raffaele.$0(OLS)http://pul/name/45068 245 13$aIl T.U. Sicurezza sul lavorocommentato con la giurisprudenza /$cRaffaele Guariniello. 246 33$aIl Testo Unico Sicurezza sul lavoro commentato con la giurisprudenza 250 $a4. ed. 260 $aMilanofiori Assago :$bWolters Kluwer,$c©2012$a[S.l.] :$bIpsoa ;$a[s. l.] :$bIndicitalia 300 $aXLVIII, 996 p. :$bill. ;$c22 cm 500 $aIn testa al front.: Sicurezza sul lavoro. 504 $aBibliografia in nota. 650 4$aDiritto del lavoro$zItalia.$0(OLS)http://pul/subject/2593 650 4$aLavoratori$xLegislazione.$0(OLS)http://pul/subject/24203 650 4$aSicurezza sul lavoro$zItalia$xLegislazione.$0(OLS)http://pul/subject/37707 850 $aPUL 852 $aPUL$W1$xSL Diritto e Scienze Sociali 3$y79$m344. 4504 GUARA 1$j150165$qDDC 21$B148704$CPULBib$Z2$F148704 $H120477 $82 941 1 $a9 996 $6020$a978-88-217-3894-4$9(OLS)http://pul/number/150310 996 $6082$a344.4504$9(OLS)http://pul/classification/2040 996 $6245$aIl T.U. Sicurezza sul lavorocommentato con la giurisprudenza$9(OLS)http://pul/title/163931 996 $6246$aIl Testo Unico Sicurezza sul lavoro commentato con la giurisprudenza$9(OLS)http://pul/title/163932 996 $6260$aMilanofiori Assago :$bWolters Kluwer$9(OLS)http://pul/publisher/81463 996 $6260$a[S.l.] :$bIpsoa$9(OLS)http://pul/publisher/77155 996 $6260$a[s. l.] :$bIndicitalia$9(OLS)http://pul/publisher/81933 LEADER 01439nam a2200313 u 4500 001 000000083766 003 CaOOAMICUS 005 20070226124015.0 008 050526s1930 gw u000 u lat u 035 $a11047184 040 $aPUL(R)$bita 041 0 $alat$ager 100 0 $aAugustinus,$cs., vesc. d'Ippona,$d354-430.$0(OLS)http://pul/name/1290 240 10$aEnchiridion ad Laurentium$9(Augustinus, s., vesc. d'Ippona, 354-430).$0(OLS)http://pul/title/19842 245 10$aAugustins Enchiridion /$chrsg. von Otto Scheel. 250 $a2. Aufl. 260 $aTübingen :$bJ.C.B. Mohr,$c1930. 300 $avi, 98 p. ;$c22 cm 490 1 $aSammlung ausgewählter kirchen- und dogmengeschichtlicher Quellenschriften.$aReihe 2 ;$vHft. 4 500 $aComprende indici. 700 1 $aScheel, Otto,$d1876-1954.$0(OLS)http://pul/name/12907 830 0$aSammlung ausgewählter kirchen- und dogmengeschichtlicher Quellenschriften.$nReihe 2 ;$vHft. 4.$0(OLS)http://pul/title/19841 850 $aPUL 852 $aPUL$W1$xDP1 Fondo Cecchetti$y53$m267 D 49$j106596$nBK-PRI$b $qFondi$B106596$CPULBib$Z2$F106596 $HPUL1883 $81 900 $aAgostino,$cs., vesc. d'Ippona,$d354-430$91290 900 $aAgostino, Aurelio,$cs., vesc. d'Ippona$d354-430$91290 941 1 $a1 996 $6245$aAugustins Enchiridion$9(OLS)http://pul/title/19840 996 $6260$aTübingen :$bJ.C.B. Mohr$9(OLS)http://pul/publisher/47972